000 00389 a2200169 4500
001 002486
003 OSt
005 20220127170210.0
008
082 _a514
_bJ25T
100 1 _aJanich, Klaus
245 1 _aTopology
_cby Klaus Janich
260 _aNew York
_bSpringer
_c2006
300 _a192p.
653 _aTopology; Mathematics
942 _2ddc
_cBK
999 _c88
_d88